Online
Catalog

La música folclórica dominicana. / (Record no. 52858)

MARC details
000 -CABECERA
campo de control de longitud fija 01147nam a2200313 a 4500
003 - IDENTIFICADOR DEL NÚMERO DE CONTROL
campo de control DO-SdBNP
005 - FECHA Y HORA DE LA ÚLTIMA TRANSACCIÓN
campo de control 20221110103332.0
007 - CAMPO FIJO DE DESCRIPCIÓN FÍSICA--INFORMACIÓN GENERAL
campo de control de longitud fija ta
008 - DATOS DE LONGITUD FIJA--INFORMACIÓN GENERAL
campo de control de longitud fija 221110e2022 dr ao||gr|||| 001 edspa d
020 ## - NÚMERO INTERNACIONAL ESTÁNDAR DEL LIBRO
Número Internacional Estándar del Libro 9789945917413
040 ## - FUENTE DE LA CATALOGACIÓN
Centro catalogador/agencia de origen DO-SdBNP
Lengua de catalogación spa
Centro/agencia transcriptor BNPHU
082 #4 - NÚMERO DE LA CLASIFICACIÓN DECIMAL DEWEY
Número de edición 22
Número de documento/Ítem S232m
100 1# - ENTRADA PRINCIPAL--NOMBRE DE PERSONA
9 (RLIN) 55642
Nombre de persona Santana, Josué
245 ## - MENCIÓN DE TÍTULO
Título La música folclórica dominicana. /
Mención de responsabilidad, etc. Josué Santana, Edis Sánchez; Editor, Yubisay Bolivar; Fotografía de portada, Jesús Alberto de la Cruz.
250 ## - MENCIÓN DE EDICIÓN
Mención de edición 2da. ed.
260 ## - PUBLICACIÓN, DISTRIBUCIÓN, ETC.
Lugar de publicación, distribución, etc. Santo Domingo :
Nombre del editor, distribuidor, etc. Búho,
Fecha de publicación, distribución, etc. 2022
300 ## - DESCRIPCIÓN FÍSICA
Extensión 482 p. :
Otras características físicas il., fotgraf. ;
Dimensiones 25 cm.
500 ## - NOTA GENERAL
Nota general Incluye datos biográficos de los autores en las solapas de las cubiertas
500 ## - NOTA GENERAL
Nota general Incluye glosario de términos 469 - 476
504 ## - NOTA DE BIBLIOGRAFÍA, ETC.
Nota de bibliografía, etc. Bibliografía: 477 - 482
590 ## - NOTA LOCAL (RLIN)
Nota local Inventariado 2022 / MF
650 #4 - PUNTO DE ACCESO ADICIONAL DE MATERIA--TÉRMINO DE MATERIA
9 (RLIN) 64891
Término de materia o nombre geográfico como elemento de entrada Música Folclórica
Subdivisión general Historia
Subdivisión geográfica República Dominicana
650 #4 - PUNTO DE ACCESO ADICIONAL DE MATERIA--TÉRMINO DE MATERIA
9 (RLIN) 54113
Término de materia o nombre geográfico como elemento de entrada Música
Subdivisión general Historia
Subdivisión geográfica República Dominicana
700 1# - PUNTO DE ACCESO ADICIONAL--NOMBRE DE PERSONA
9 (RLIN) 55643
Nombre de persona Sánchez, Edis
700 1# - PUNTO DE ACCESO ADICIONAL--NOMBRE DE PERSONA
Nombre de persona Bolivar, Yubisai,
Término indicativo de función/relación ed.
9 (RLIN) 82790
700 ## - PUNTO DE ACCESO ADICIONAL--NOMBRE DE PERSONA
9 (RLIN) 76790
Nombre de persona Cruz, Jesús Alberto, De la
Término indicativo de función/relación fotogr.
910 ## - DATOS DE OPCIÓN DEL USUARIO (OCLC)
Datos de opción del usuario MFeliz
942 ## - ELEMENTOS DE PUNTO DE ACCESO ADICIONAL (KOHA)
Fuente del sistema de clasificación o colocación Dewey Decimal Classification
Tipo de ítem Koha Libro
Holdings
Estado de retiro Estado de pérdida Fuente del sistema de clasificación o colocación Restricciones de uso No para préstamo Código de colección Localización permanente Ubicación/localización actual Ubicación en estantería Fecha de adquisición Fuente de adquisición Total de préstamos Signatura topográfica completa Código de barras Fecha visto por última vez Precio válido a partir de Tipo de ítem Koha Número de copia
    Dewey Decimal Classification Excluido de préstamo   Patrimonio Dominicano Biblioteca Nacional Pedro Henríquez Ureña Biblioteca Nacional Pedro Henríquez Ureña En catalogación 09.09.2022 Depósito legal / Instituto Panamericano de Geografía e Historia   S232m 2022-5127 10.11.2022 10.11.2022 Libro  
    Dewey Decimal Classification Excluido de préstamo   Patrimonio Dominicano Biblioteca Nacional Pedro Henríquez Ureña Biblioteca Nacional Pedro Henríquez Ureña En catalogación 09.09.2022 Depósito legal / Instituto Panamericano de Geografía e Historia   S232m 2022-5128 10.11.2022 10.11.2022 Libro e.2
    Dewey Decimal Classification Préstamo en sala   Dominicana de Servicio Biblioteca Nacional Pedro Henríquez Ureña Biblioteca Nacional Pedro Henríquez Ureña En catalogación 09.09.2022 Depósito legal / Instituto Panamericano de Geografía e Historia   S232m 2022-5129 10.11.2022 10.11.2022 Libro e.3

Powered by Koha